000
00252nam a2200109Ia 4500
008
231212s1972 xx 000 0 und d
041
_a
eng
082
_a
621
100
_a
Gelberg B.
245
_a
Repair of Industrial
260
_a
Mascow
_b
Mir Pub
_c
1972
999
_c
958496
_d
958496